| 000 | 00492nam a2200217Ia 4500 | ||
|---|---|---|---|
| 003 | 0100 | ||
| 008 | 130303s9999 xx 000 0 und d | ||
| 040 | _cARRUPELIB | ||
| 050 | _aBS1430.W353 | ||
| 100 | _aWeiser, Arthur | ||
| 245 | 4 | _aThe Psalms | |
| 245 | _ba commentary | ||
| 260 | _aPhiladelphia | ||
| 260 | _bWestminster Press | ||
| 260 | _C1962 | ||
| 300 | _a841p. | ||
| 300 | _b 23cm. | ||
| 650 | _bPhilosophy, Ancient - History | ||
| 700 | _aArthur Weiser | ||
| 942 | 0 | 0 | _02 |
| 999 |
_c44615 _d44615 |
||